| 000 | 00810nam a2200193 4500 | ||
|---|---|---|---|
| 001 | 131746 | ||
| 003 | ES-MaACL | ||
| 005 | 20260127062545.0 | ||
| 007 | t| | ||
| 008 | 070214s1916 sp r ||||1| spa d | ||
| 100 | 1 |
_aRodríguez de Llano y Sánchez, Luis. _998463 |
|
| 245 | 1 | 3 |
_aEl crédito mercantil _b: conferencia del Sr. D. Luis Rodríguez de Llano y Sánchez, vocal de la Junta de Gobierno, pronunciada en la sesión pública de 9 de mayo de 1916. |
| 260 |
_aMadrid : _b[s. n.], _c1916 ( _fEstablecimiento Tipográfico de Jaime Ratés) |
||
| 300 |
_a20 p. ; _c22 cm. |
||
| 500 | _aPrecede al tít.: Real Academia de Jurisprudencia y Legislación. | ||
| 700 |
_aReal Academia de Jurisprudencia y Legislación de España _9217612 |
||
| 852 |
_aES-MaACL _j1863-F-4 _bR.21477 |
||
| 999 |
_c131746 _d131746 |
||